LEADER 01092nam0-22003611i-450- 001 990000719950403321 005 20111006193806.0 035 $a000071995 035 $aFED01000071995 035 $a(Aleph)000071995FED01 035 $a000071995 100 $a20111006d1982----km-y0itay50------ba 101 1 $aita$cfre 102 $aIT 105 $ay-------001yy 200 1 $aCase di Parigi e proprietari parigini, 1803-1880$fAdeline Daumard 210 $aMilano$cFrancoAngeli$dc1982 215 $a324 p.$d22 cm 225 1 $aCollana di storia urbana$v8 300 $aTit. orig.: Maison de Paris et proprietaires parisiens au XIX siecle 610 0 $aProprietà edilizia 676 $a346.045 700 1$aDaumard,$bAdeline$f<1924-2003>$036362 801 0$aIT$bUNINA$gRICA$2UNIMARC 901 $aBK 912 $a990000719950403321 952 $aURB.LE B 365$b13430$fFARBC 952 $aURB.LE B 350$bINV.14362$fFARBC 952 $aCOLLEZ. 789 (8)$b21111$fFSPBC 959 $aFARBC 959 $aFSPBC 996 $aCase di Parigi e proprietari parigini$9299148 997 $aUNINA